000 00509nam a22001697a 4500
003 BD-ChCU
005 20251210093332.0
008 251210b ii ||||| |||| 00| 0 eng d
040 _cBD-ChCU
082 _a320.91767 B383
100 _aHasan, Zoya
_eEditor
_917864
245 _aDemocracy in muslim societies :
_bthe Asia expericence /
_cedited by Zoya Hasan
260 _aNew Delhi:
_bSage Pub:
_cc2007
300 _a266p.
650 0 _aDemocracy Politics and Government- Asia
_917867
942 _2ddc
_cBK
_n0
999 _c110307
_d110307